General Knowledge #135 - Statistics

General Stats
  • This quiz has been taken 21 times
  • The average score is 8 of 20
Answer Stats
Hint Answer % Correct
What year did World War II end? 1945
85%
How many dots appear on a pair of dice? 42
85%
In what country is the Chernobyl nuclear plant located? Ukraine
85%
Which of the following sauces is NOT traditionally vegan: hoisin, Worcestershire, mustard, or wasabi? Worcestershire
80%
Which continent lands in all four hemispheres? Africa
75%
What is the name for a word that reads the same forwards and backwards? Palindrome
65%
What year was the first iPhone released? 2007
60%
What software company is headquartered in Redmond, Washington? Microsoft
55%
What is the process by which a liquid changes into a gas? Evaporation
50%
Which is the only body part that is fully grown from birth? Eyes
50%
What Netflix show had the most streaming views in 2021? Squid Game
40%
Who is the Ancient Greek God of the Sun? Apollo
35%
Which country has the most islands? Sweden
25%
Who has won the most total Academy Awards? Walt Disney
25%
What is the Australian slang word for a young child? Ankle biter
5%
What kind of beer is Kronenbourg 1664? Golden pale larger
5%
What does FIFA stand for? International Federation of Association Football
5%
Which Australian animal is related to kangaroos and wallabies? Quokka
5%
Who is the longest serving president of Italy? (Hint: They are still in power as of November 2024). Sergio Mattarella
5%
What is the Dutch word for friend? Vriend
5%
No matching quizzes found
Score Distribution
Percent of People with Each Score
Percentile by Number Answered
Your Score History
You have not taken this quiz